[Event "Stockholm Open 2013"]
[Site "Stockholm SWE"]
[Date "2013.08.05"]
[Round "1.2"]
[White "Lindkvist,Andreas"]
[Black "Poley,V"]
[Result "0-1"]
[WhiteElo "1811"]
[BlackElo "2306"]

1.c4 e5 2.g3 Nf6 3.Bg2 c6 4.Nc3 d5 5.cxd5 cxd5 6.d4 exd4 7.Qxd4 Nc6 8.Qd1 d4
9.Nb1 Bc5 10.Nf3 O-O 11.O-O Re8 12.Nbd2 Bf5 13.a3 a5 14.b3 Nd5 15.Bb2 Nc3
16.Bxc3 dxc3 17.Nc4 Qxd1 18.Rfxd1 Rxe2 19.Rf1 Rd8 20.Rac1 c2 21.a4 Rxf2 22.Kh1 Rxf1+
23.Bxf1 Rd1 24.Rxc2 Bxc2  0-1

[Event "Stockholm Open 2013"]
[Site "Stockholm SWE"]
[Date "2013.08.05"]
[Round "1.6"]
[White "Bech-Kristensen,Tommy"]
[Black "Evertsson,L"]
[Result "0-1"]
[WhiteElo "1757"]
[BlackElo "2200"]

1.c4 e5 2.g3 Nc6 3.Nc3 Nf6 4.Bg2 Bc5 5.d3 d6 6.Ne4 Nxe4 7.Bxe4 O-O 8.e3 Be6
9.Bg2 d5 10.cxd5 Bxd5 11.e4 Be6 12.Be3 Bb4+ 13.Bd2 Qxd3 14.Bxb4 Nxb4 15.Qxd3 Nxd3+
16.Ke2 Rfd8 17.Nf3 Bc4 18.Ke3 f6 19.Rhd1 Nxb2 20.Rd2 Rxd2 21.Nxd2 Ba6 22.Bf1 Bxf1
23.Rxf1 Na4 24.Rc1 c5 25.Nc4 Rd8 26.Rc2 Kf7 27.f3 Ke6 28.Rd2 Rd4 29.Na5 b6
30.Nb3 Rxd2 31.Kxd2 c4 32.Nc1 Kd6 33.Ne2 Kc5 34.a3 b5 35.Kc2 a5 36.h4 b4
37.axb4+ axb4 38.g4 b3+ 39.Kb1 Kb4 40.g5 Nc3+ 41.Nxc3 Kxc3 42.gxf6 gxf6 43.f4 exf4
44.e5 fxe5 45.h5 f3 46.h6 f2 47.Ka1 f1=Q+  0-1

[Event "Stockholm Open 2013"]
[Site "Stockholm SWE"]
[Date "2013.08.05"]
[Round "3.6"]
[White "Nyberg,Leif"]
[Black "Evertsson,L"]
[Result "0-1"]
[WhiteElo "1944"]
[BlackElo "2200"]

1.c4 e5 2.g3 Nc6 3.Bg2 Bc5 4.Nc3 Nf6 5.Nf3 d6 6.d3 h6 7.a3 a5 8.O-O Be6 9.Nd2 O-O
10.Nd5 Nh7 11.Ne4 Ba7 12.Nec3 Qd7 13.Rb1 Nd4 14.b4 c6 15.Ne3 f5 16.Nc2 f4
17.Nxd4 Bxd4 18.Ne4 axb4 19.e3 fxe3 20.fxe3 Ba7 21.axb4 Rxf1+ 22.Bxf1 Rf8
23.c5 d5 24.Nd6 Ng5 25.Ba3 b5 26.h4 Nf3+ 27.Kh1 Bb8 28.Bg2 Bg4 29.Qb3 Bxd6
30.cxd6 Nd2  0-1

[Event "Arad Open 2013"]
[Site "Arad ROU"]
[Date "2013.08.07"]
[Round "7.14"]
[White "Cvetkovic,Sr"]
[Black "Posedaru,B"]
[Result "1/2-1/2"]
[WhiteElo "2352"]
[BlackElo "2272"]

1.c4 e5 2.g3 Nc6 3.Nc3 g6 4.Bg2 Bg7 5.e3 d6 6.d3 Nge7 7.Nge2 O-O 8.O-O Bg4
9.h3 Be6 10.Nd5 Qd7 11.Kh2 Rab8 12.Rb1 b5 13.b3 a5 14.Qd2 Rfc8 15.Bb2  1/2-1/2

[Event "11th Davos Holiday Open 2013"]
[Site "Davos SUI"]
[Date "2013.08.07"]
[Round "2.5"]
[White "Heaton,P"]
[Black "Paleologu,V"]
[Result "0-1"]
[WhiteElo "2002"]
[BlackElo "2150"]

1.c4 e5 2.g3 Nf6 3.Bg2 d5 4.cxd5 Nxd5 5.Nc3 Nb6 6.Nf3 Nc6 7.O-O Be7 8.a3 g5
9.b4 g4 10.Ne1 h5 11.Nc2 h4 12.d3 Nd4 13.Nxd4 Qxd4 14.Bb2 hxg3 15.hxg3 c6
16.Qc1 Qd6 17.Rd1 Rh5 18.Ne4 Qg6 19.d4 f5 20.Nc5 e4 21.a4 Nd5 22.Bc3 b6 23.Nb3 Ba6
24.Ra2 Kf7 25.a5 Bc4 26.Rb2 Rah8 27.Kf1 Rh2 28.Bd2 b5 29.Be3 Qh5  0-1

[Event "FSIM August 2013"]
[Site "Budapest HUN"]
[Date "2013.08.08"]
[Round "6.2"]
[White "Resika,N"]
[Black "Kantor,G"]
[Result "0-1"]
[WhiteElo "2234"]
[BlackElo "2371"]

1.c4 e5 2.g3 Nf6 3.Bg2 c6 4.d4 Bb4+ 5.Bd2 Bxd2+ 6.Qxd2 d6 7.Nc3 O-O 8.e3 Re8
9.Nge2 e4 10.O-O Bg4 11.h4 Nbd7 12.Nf4 Qe7 13.Rfc1 h6 14.Qc2 Nf8 15.b4 g5
16.hxg5 hxg5 17.Nfe2 Ng6 18.Kf1 Kg7 19.Ng1 Qe6 20.Nxe4 Nxe4 21.Qxe4 Qxe4
22.Bxe4 Rxe4 23.f3 Rxe3 24.Kf2 Rd3 25.fxg4 Rxd4 26.Nf3 Rxg4 27.Rc3 Re8 28.Rd1 Re6
29.Nd4 Rf6+ 30.Kg2 Rff4 31.Nf3 Rxc4 32.Rxc4 Rxc4 33.Rxd6 Rxb4 34.Nxg5 Ne5
35.Rd2 a5 36.Re2 f6 37.Kh3 a4 38.Ne6+ Kf7 39.Ng5+ Kg6 40.Ne6 b5 41.Nf4+ Kf7
42.Rf2 Rb1 43.g4 a3 44.g5 Rb2 45.Rf1 Rxa2 46.g6+ Nxg6 47.Nh5 Ne5 48.Nxf6 Ke6
49.Ne4 Rb2  0-1

[Event "XI Miguel Najdorf Open A 2013"]
[Site "Warsaw POL"]
[Date "2013.08.08"]
[Round "4.24"]
[White "Kubeczko,Grzegorz"]
[Black "Rozycki,B"]
[Result "0-1"]
[WhiteElo "2024"]
[BlackElo "2041"]

1.c4 e5 2.g3 Nc6 3.Nc3 Nf6 4.Bg2 Bc5 5.e3 d6 6.Nge2 a6 7.d4 Ba7 8.Bxc6+ bxc6
9.dxe5 dxe5 10.Qxd8+ Kxd8 11.b3 Bc5 12.Bb2 Bg4 13.h3 Bf3 14.O-O-O+ Kc8 15.Rhe1 Nd7
16.Rd2 f6 17.g4 Bb4 18.Ng1 Bxc3 19.Bxc3 Be4 20.f3 Bg6 21.Red1 Nc5 22.Bb4 Ne6
23.Rd7 Kb7 24.Ba5 Rad8 25.f4 exf4 26.exf4 Rxd7 27.Rxd7 Kc8 28.Re7 Re8 29.Rxe8+ Bxe8
30.Ne2 g6 31.Bc3 f5 32.g5 c5 33.Be5 Bc6 34.Kd2 Kd7 35.Ng3 Bg2 36.h4 Bf3 37.Ke3 Bh5
38.Nf1 Bd1 39.Nd2 Nd8 40.Nb1 c6 41.Nc3 Bg4 42.Na4 Ne6 43.Nb2 Bh3 44.Bf6 Bg2
45.Kf2 Be4 46.Ke3 Bb1 47.a3 Ba2 48.b4 cxb4 49.axb4 c5 50.bxc5 Kc6 51.Be7 a5
52.Bd6 Nxc5 53.Bxc5 Kxc5 54.Kd3 Kb4 55.Kd4 Bb1 56.c5 Be4 57.Nd1 a4 58.Nc3 a3
59.Na2+ Kb3 60.Nc3 Bf3 61.Kd3 a2 62.Nxa2 Kxa2 63.Kd4 Kb3 64.Ke5 Kc4 65.Kf6 Kxc5
66.Kg7 Bh5  0-1

[Event "XI Miguel Najdorf Open A 2013"]
[Site "Warsaw POL"]
[Date "2013.08.09"]
[Round "5.1"]
[White "Piorun,K"]
[Black "Deszczynski,A"]
[Result "1-0"]
[WhiteElo "2552"]
[BlackElo "2359"]

1.c4 e5 2.g3 Nc6 3.Bg2 g6 4.Nc3 Bg7 5.e4 d6 6.Nge2 Nge7 7.d3 O-O 8.O-O Be6
9.Nd5 Qd7 10.Be3 f5 11.Qd2 Rae8 12.Rae1 Kh8 13.b4 a6 14.a4 Nd8 15.a5 Ng8
16.exf5 Bxf5 17.d4 Nf7 18.Nec3 exd4 19.Bxd4 Ne5 20.Ne4 c6 21.Nb6 Qc7 22.f4 Bxe4
23.Rxe4 Nf7 24.Bxg7+ Kxg7 25.Qc3+ Nf6 26.Rxe8 Rxe8 27.g4  1-0

[Event "11th Davos Holiday Open 2013"]
[Site "Davos SUI"]
[Date "2013.08.10"]
[Round "5.12"]
[White "Arntsen,Frode"]
[Black "Lipp,Mirko"]
[Result "0-1"]
[WhiteElo "1800"]
[BlackElo "1918"]

1.c4 e5 2.g3 Nf6 3.Bg2 d5 4.cxd5 Nxd5 5.Nc3 Nb6 6.Nf3 Nc6 7.O-O Be6 8.d3 Be7
9.Be3 O-O 10.Ne4 Nd5 11.Bc5 f6 12.Qd2 Rb8 13.Rfc1 Bf7 14.Nh4 Qc8 15.Bxe7 Ncxe7
16.Nd6 Qd7 17.Nxf7 Rxf7 18.Qa5 a6 19.Rc2 Rff8 20.Rac1 c6 21.Qc5 Kh8 22.Rd2 Qe6
23.Rcd1 Rfe8 24.a3 Nc7 25.Qc2 f5 26.Bh3 g5 27.Nxf5 Nxf5 28.d4 e4 29.f3 Qf7
30.Bxf5 Qxf5 31.Rf1 Nd5  0-1

[Event "11th Davos Holiday Open 2013"]
[Site "Davos SUI"]
[Date "2013.08.10"]
[Round "5.2"]
[White "Goldstern,F"]
[Black "Bigg,A"]
[Result "0-1"]
[WhiteElo "2315"]
[BlackElo "2314"]

1.g3 e5 2.c4 Nc6 3.Bg2 g6 4.Nc3 Bg7 5.d3 d6 6.Rb1 Be6 7.b4 Qd7 8.b5 Nd8 9.Bd2 Ne7
10.Nd5 O-O 11.Qa4 f5 12.Qa5 Bxd5 13.cxd5 b6 14.Qa6 Qc8 15.Qxc8 Nxc8 16.Nf3 h6
17.e4 a6 18.bxa6 Rxa6 19.Rb2 Nb7 20.Bb4 Nc5 21.Bxc5 dxc5 22.Ke2 fxe4 23.dxe4 Nd6
24.Nd2 Rfa8 25.Ra1 h5 26.f3 c4 27.Rc2 b5 28.Kd1 Bh6 29.Bf1 Be3  0-1

[Event "10th Malaysian Open"]
[Site "Kuala Lumpur MAS"]
[Date "2013.08.10"]
[Round "1.19"]
[White "Dimakiling,O"]
[Black "Cheah,C"]
[Result "1-0"]
[WhiteElo "2369"]
[BlackElo "2014"]

1.c4 e5 2.g3 Nc6 3.Bg2 g6 4.Nc3 Bg7 5.e3 d6 6.Nge2 Nge7 7.d3 Be6 8.Nd5 Qd7
9.Rb1 Nd8 10.O-O Nc8 11.e4 h6 12.f4 c6 13.Ne3 exf4 14.Nxf4 O-O 15.b4 a5 16.d4 d5
17.cxd5 cxd5 18.b5 Re8 19.Nfxd5 Bxd5 20.Nxd5 Nb6 21.Nf6+ Bxf6 22.Rxf6 Ne6
23.d5 Qe7 24.Bb2 Red8 25.Qc1  1-0

[Event "HZ Open 2013"]
[Site "Vlissingen NED"]
[Date "2013.08.10"]
[Round "9.44"]
[White "Kampman,T"]
[Black "Van Hille,Reinout"]
[Result "1-0"]
[WhiteElo "2126"]
[BlackElo "1872"]

1.c4 e5 2.g3 Nc6 3.Bg2 Nge7 4.Nc3 g6 5.Nf3 Bg7 6.O-O O-O 7.d3 d6 8.Rb1 Be6
9.b4 Qc8 10.b5 Nd8 11.Re1 f5 12.Bd2 Kh8 13.Qb3 Qd7 14.Rec1 d5 15.cxd5 Nxd5
16.Qa3 Nf7 17.Na4 b6 18.Nc3 Rfc8 19.Ne1 c6 20.bxc6 Rxc6 21.Nxd5 Bxd5 22.Bxd5 Qxd5
23.Rxc6 Qxc6 24.Rc1 Qb7 25.Qb3 e4 26.dxe4 fxe4 27.Bf4 Ne5 28.Qc2 Qd5 29.Ng2 Ng4
30.h3 Nf6 31.Ne3 Qa5 32.Nc4 Qf5 33.Kg2 Nd5 34.Be3 Rf8 35.Rf1 Nxe3+ 36.Nxe3 Qe6
37.Rd1 Qf7 38.Rf1 Qe6 39.Qc4 Qxc4 40.Nxc4 Rc8 41.Nd6 Rc2 42.Nxe4 Rxe2 43.Kf3 Rxa2
44.Rd1 h6 45.Rd8+ Kh7 46.Rd7 g5 47.h4 gxh4 48.gxh4 Ra5 49.h5 Rxh5 50.Nf6+  1-0

[Event "FSIM August 2013"]
[Site "Budapest HUN"]
[Date "2013.08.12"]
[Round "10.4"]
[White "Von Bahr,O"]
[Black "Kantor,G"]
[Result "1/2-1/2"]
[WhiteElo "2311"]
[BlackElo "2371"]

1.c4 e5 2.g3 Nf6 3.Bg2 c6 4.d4 Bb4+ 5.Bd2 Bxd2+ 6.Qxd2 d6 7.dxe5 dxe5 8.Qxd8+ Kxd8
9.Nf3 Nbd7 10.Nc3 Kc7 11.O-O Re8 12.Rfd1 a5 13.Ng5 Re7 14.Na4 h6 15.Nf3 Ne4
16.a3 Ndc5 17.Nxc5 Nxc5 18.b4 axb4 19.axb4 Rxa1 20.Rxa1 Na6 21.b5 Nc5 22.bxc6 bxc6
23.Ne1 Rd7 24.Bh3 Rd2 25.Bxc8 Kxc8 26.Kf1 e4 27.f3 Rd4 28.Ra8+ Kd7 29.Ra7+ Ke6
30.Rc7 Rxc4 31.Rxc6+ Kd7 32.Rb6 Rc1 33.fxe4 Nxe4 34.Rb4 Nd6 35.Kf2 Ke7 36.Nd3 Rc4
37.Rxc4 Nxc4 38.Kf3 Kf6 39.Nf4 g6 40.e3 Nd2+ 41.Ke2 Ne4 42.Nd3 Kf5 43.Kf3 Ng5+
44.Ke2 h5 45.Kf2 Ne4+ 46.Kf3 Nd2+ 47.Ke2 Nc4 48.Nf2 Ne5 49.h3 g5 50.e4+ Ke6
51.Ke3 f6 52.Kd4 Nc6+ 53.Kc5 Ne5 54.Kd4 Ng6 55.Nd3 h4 56.gxh4 Nxh4 57.Nc5+ Kd6
58.Nd3 Nf3+ 59.Ke3 Ne5 60.Nf2 Ke6  1/2-1/2

[Event "3rd Split Open 2013"]
[Site "Split CRO"]
[Date "2013.08.14"]
[Round "5.16"]
[White "Van der Auweraert,Elwin"]
[Black "Zakhartsov,Vl"]
[Result "0-1"]
[WhiteElo "2155"]
[BlackElo "2324"]

1.c4 e5 2.g3 Nf6 3.Bg2 c6 4.Nf3 e4 5.Nd4 d5 6.cxd5 cxd5 7.Nc3 Bc5 8.Nb3 Bb6
9.d3 Qe7 10.dxe4 dxe4 11.O-O e3 12.Bxe3 Bxe3 13.fxe3 Qxe3+ 14.Kh1 O-O 15.Rxf6 gxf6
16.Ne4 Kg7 17.Qf1 f5 18.Nd6 Nc6 19.Nxf5+ Bxf5 20.Qxf5 Qe5 21.Qg4+ Kh8 22.Qd7 Qxb2
23.Rf1 Qxe2 24.Qxb7 Rac8 25.h3 Ne7 26.Nd4 Qe3 27.Nc6 Nxc6 28.Rxf7 Qh6 29.Qb2+ Kg8
30.Rd7 Rf7 31.Qb7 Rb8 32.Qxc6 Rb1+ 33.Kh2 Qxc6 34.Bxc6 Rf2+  0-1

[Event "88th ch-FRA 2013"]
[Site "Nancy FRA"]
[Date "2013.08.15"]
[Round "5.5"]
[White "Edouard,R"]
[Black "Wirig,A"]
[Result "1/2-1/2"]
[WhiteElo "2662"]
[BlackElo "2496"]

1.c4 e5 2.g3 Nf6 3.Bg2 h6 4.Nc3 Bb4 5.e4 Bxc3 6.bxc3 d6 7.Ne2 a6 8.a4 a5
9.O-O b6 10.d3 Bb7 11.h3 Nbd7 12.f4 Nc5 13.Be3 Nfd7 14.g4 Qe7 15.Ng3 O-O-O
16.Nf5 Qf8 17.fxe5 dxe5 18.Qc2 g6 19.Ng3 Qd6 20.Rfd1 Kb8 21.Kh2 h5 22.gxh5 f5
23.exf5 gxf5 24.Nxf5 Qe6 25.Ng3 Rdg8 26.Bxb7 Nxb7 27.Rg1 Nd6 28.Qe2 Rh7 29.c5 bxc5
30.Rab1+ Ka7 31.d4 exd4 32.cxd4 Nc4 33.Qf3 c6 34.Bf4 cxd4 35.Qd3 Rf7 36.Qxd4+ c5
37.Qf2 Qc6 38.Rgc1 Nde5 39.Rb3 Rgf8 40.Ne2 Ka6 41.Qg2 Qxg2+ 42.Kxg2 Rxf4
43.Nxf4 Rxf4 44.Kg3  1/2-1/2

[Event "3rd Split Open 2013"]
[Site "Split CRO"]
[Date "2013.08.17"]
[Round "8.7"]
[White "Petran,Pe"]
[Black "Zakhartsov,Vi"]
[Result "0-1"]
[WhiteElo "2311"]
[BlackElo "2560"]

1.g3 e5 2.c4 Nf6 3.Nc3 d5 4.cxd5 Nxd5 5.Bg2 Nb6 6.a3 Be7 7.Nf3 Nc6 8.b4 Be6
9.Bb2 a5 10.b5 Nd4 11.O-O Nb3 12.Rb1 f6 13.a4 Bb4 14.Qc2 Nc5 15.Ba1 Qd7 16.Rfd1 Qf7
17.d4 Bb3 18.Qc1 exd4 19.Rxd4 O-O 20.Nd2 Rad8 21.e3 Be6 22.Qc2 Rd7 23.Rxd7 Qxd7
24.Nde4 Qd3 25.Qxd3 Nxd3 26.Nd2 Nc5 27.Nf3 Nbxa4 28.Nxa4 Nxa4 29.Nd4 Ba2
30.Rc1 Nc5 31.Nc2 b6 32.Rd1 Bb3 33.Bd5+ Bxd5 34.Rxd5 Ne6 35.Nxb4 axb4 36.Rd1 Ra8
37.f4 Ra5 38.f5 Nc5 39.Rd8+ Kf7 40.Bd4 Rxb5 41.Rc8 Na6 42.Ra8 Ra5 43.Ra7 b3
44.Kg2 Kf8 45.g4 Ra2+ 46.Kf3 c5 47.Bc3 Nb4 48.Rb7 Nd5  0-1

[Event "21st Troya Open 2013"]
[Site "Canakkale TUR"]
[Date "2013.08.19"]
[Round "4.2"]
[White "Grigoriev,A"]
[Black "Rasulov,Vu"]
[Result "0-1"]
[WhiteElo "2216"]
[BlackElo "2483"]

1.c4 e5 2.g3 Nf6 3.Bg2 d5 4.cxd5 Nxd5 5.Nf3 Nc6 6.d3 Be7 7.Nbd2 O-O 8.O-O Re8
9.a3 Bf8 10.Nc4 Bg4 11.Ne3 Nxe3 12.Bxe3 Qd7 13.Rc1 Nd4 14.Bxd4 exd4 15.Re1 c5
16.Nd2 Rad8 17.Bf3 Be6 18.a4 b6 19.b4 Bd5 20.b5 Be7 21.Nc4 Bg5 22.Ra1 Qh3
23.Bxd5 Rxd5 24.e4 dxe3 25.Nxe3 Rdd8 26.Qf3 Bf6 27.Rad1 Bc3 28.Re2 Qe6 29.Kg2 h6
30.Rc2 Qb3 31.Rdc1 Bf6 32.Rc4 Qxd3 33.Rd1 Qb3 34.Rxd8 Rxd8 35.Re4 Bg5 36.h4 Bxe3
37.Rxe3 Qxa4 38.Re7 Qa2 39.Qb7 Qd5+ 40.Qxd5 Rxd5 41.Rxa7 Kf8 42.Rc7 Rd6 43.h5 Ke8
44.Kf3 Re6 45.Kg4 Rf6 46.f4 Kd8 47.Ra7 Ke8 48.Rb7 Rd6 49.Kf5 g6+ 50.hxg6 Rxg6
51.g4 Kf8 52.Ke5 Kg7 53.f5 Rxg4 54.Rxb6 h5 55.Rc6 h4 56.Rxc5 Rb4 57.b6 Rxb6
58.Rc4 Rh6 59.Rg4+ Kh8 60.Rg2 h3 61.Rh2 Kg7 62.Kf4 Kf6 63.Kg4 Rh8 64.Kf4 Rh4+
65.Kg3 Kg5 66.f6 Rg4+ 67.Kf3 Kh4 68.Ra2 Rg3+ 69.Kf4 Rg2 70.Ra7 Rg4+ 71.Kf5 Rg5+
72.Kf4 h2 73.Ra1 Rg1 74.Ra8 Rf1+ 75.Ke5 h1=Q 76.Rh8+ Kg4 77.Rxh1 Rxh1 78.Kd6 Re1  0-1

[Event "6th Jessie Gilbert Open 2013"]
[Site "Coulsdon ENG"]
[Date "2013.08.20"]
[Round "4"]
[White "Zhou,Yang-Jian"]
[Black "Grey,N"]
[Result "0-1"]
[WhiteElo "1694"]
[BlackElo "1784"]

1.c4 e5 2.g3 d6 3.Bg2 f5 4.Nc3 Nf6 5.Nf3 Be7 6.O-O O-O 7.d4 e4 8.Nd2 c6 9.d5 Nbd7
10.Nb3 Ne5 11.Qd4 c5 12.Qd1 Nxc4 13.Qc2 Ne5 14.Bf4 Ng6 15.Bd2 Bd7 16.f3 exf3
17.exf3 f4 18.Rfe1 fxg3 19.hxg3 Nh5 20.Ne4 Bf5 21.g4 Bxe4 22.Qxe4 Nhf4 23.Bxf4 Rxf4
24.Qe6+ Kh8 25.Nd2 Bf6 26.Ne4 Bd4+ 27.Nf2 Qh4 28.Re2 Qg3 29.Kf1 Raf8 30.Qxd6 Nh4
31.Bh1 Nxf3 32.Bg2 Bxf2 33.Rc1 Nh2+  0-1

[Event "9th BDO Challenger"]
[Site "Haarlem NED"]
[Date "2013.08.23"]
[Round "7.2"]
[White "Buchal,S"]
[Black "Afek,Y"]
[Result "1-0"]
[WhiteElo "2296"]
[BlackElo "2315"]

1.g3 e5 2.c4 Nf6 3.Bg2 d5 4.cxd5 Nxd5 5.Nc3 Nb6 6.Nf3 Nc6 7.O-O Be7 8.a3 a5
9.d3 O-O 10.Be3 Be6 11.Rc1 f5 12.Na4 Nxa4 13.Qxa4 Bf6 14.Rfd1 Nd4 15.Bxd4 exd4
16.Qb5 Qb8 17.Qc5 Re8 18.Qxc7 Qa7 19.Nd2 Bf7 20.Kf1 Bg5 21.Qc5 Qxc5 22.Rxc5 Rac8
23.Rxc8 Rxc8 24.Nc4 b5 25.Nxa5 Rc2 26.Nc6 Bf6 27.b4 Be8 28.Bd5+ Kf8 29.Na5 Ke7
30.Ra1 Kd6 31.Bf3 Rc3 32.h4 g5 33.Nb7+ Ke5 34.hxg5 Bxg5 35.Na5 Bc1 36.Kg2 Bxa3
37.Nc6+ Bxc6 38.Bxc6 Bxb4 39.Bxb5 Ra3 40.Rh1 Ra7 41.Rh6 Re7 42.Bc4 f4 43.g4 Bd2
44.Kf3 Bc1 45.Bg8  1-0

[Event "TCh-POR Div1 Final 2013"]
[Site "Matosinhos POR"]
[Date "2013.08.23"]
[Round "7.2"]
[White "Rego,P"]
[Black "Rocha,S"]
[Result "1/2-1/2"]
[WhiteElo "2245"]
[BlackElo "2415"]

1.c4 e5 2.g3 Nf6 3.Bg2 h6 4.Nc3 Bb4 5.Nd5 Bc5 6.e3 O-O 7.Ne2 Re8 8.O-O d6
9.a3 a5 10.f4 Nxd5 11.cxd5 Bg4 12.h3 Bxe2 13.Qxe2 a4 14.f5 Nd7 15.Kh2 e4
16.d3 exd3 17.Qxd3 Qf6 18.Rb1 Re7 19.Bd2 Bb6 20.Bc3 Ne5 21.Bxe5 Rxe5 22.e4 Ree8
23.Rfc1 Ra5 24.Rc4 Rea8 25.Qc2 Rc5 26.Rxc5 Bxc5 27.Rd1 Ra5 28.Rd2 Bb6 29.h4 Qe5
30.Qc4 Kh7 31.Kh3 Qe7 32.Rc2 Qd7 33.Bf1 Qe8 34.Qd3 Qe5 35.Qc4 Bc5 36.Bd3 Ra6
37.Qb5 Rb6 38.Qxa4 Rxb2 39.Rxb2 Qxb2 40.Qd7 Qf6 41.Qxc7 Bxa3 42.Qxb7 Bc5
43.Be2 Bf2 44.Kg2 Be1 45.Qb1 Qc3 46.Qd3 Qc5 47.Qf3 Bc3 48.Qd3 Be5 49.Bh5 Qa7
50.Bf3 Qa1 51.Qd1 Qb2+ 52.Be2 Qb4 53.Bd3 Qc3 54.Qc2 Qe1 55.Qf2 Qa1 56.Qf1 Qd4
57.Qf3 Kg8 58.Be2 Qa1 59.Bd1 Bd4 60.Qd3 Qb2+ 61.Qc2 Qa3 62.Qc8+ Kh7 63.Bh5 Qb2+
64.Kh3 Qf2 65.Bxf7 Qf1+ 66.Kg4 Qd1+ 67.Kh3 Qh1+ 68.Kg4 Qd1+ 69.Kh3 Qf1+ 70.Kg4  1/2-1/2

[Event "3rd Isthmia Open"]
[Site "Vrachati GRE"]
[Date "2013.08.24"]
[Round "8.4"]
[White "Moutousis,K"]
[Black "Nikolaidis,I"]
[Result "1/2-1/2"]
[WhiteElo "2400"]
[BlackElo "2570"]

1.c4 e5 2.g3 Bc5 3.Bg2 Nc6 4.Nc3 d6 5.e3 Nge7 6.Nge2 a6 7.a3 Ba7 8.d3 O-O
9.b3 Bf5 10.Bb2 Qd7 11.h3 Rab8 12.Rb1 f6 13.Nd5 Bg6 14.O-O Nxd5 15.cxd5 Ne7
16.Rc1 Bf7 17.e4 c6 18.dxc6 bxc6 19.b4 Be6 20.Kh2 c5 21.Bc3 Nc6 22.bxc5 dxc5
23.Rb1 c4 24.Rxb8 Rxb8 25.dxc4 Qxd1 26.Rxd1 Bxc4 27.Bf1 Bxf2 28.Nd4 Bxf1
29.Nxc6 Rb3 30.Bxe5 Bb5 31.Rd8+ Kf7 32.Rd7+ Kg6 33.Ne7+ Kf7 34.Nc6+ Kg6 35.Ne7+ Kh5
36.Rd2 Be3 37.Bf4 Bxf4 38.gxf4 Rxa3 39.Rg2 g5 40.e5 Rf3 41.Nd5 Kg6 42.exf6 h6
43.fxg5 hxg5 44.h4 Bc4 45.Rxg5+ Kf7 46.h5  1/2-1/2

[Event "TCh-POR Div1 Final 2013"]
[Site "Matosinhos POR"]
[Date "2013.08.25"]
[Round "9.1"]
[White "Rego,P"]
[Black "Pires,G"]
[Result "1/2-1/2"]
[WhiteElo "2245"]
[BlackElo "2145"]

1.c4 e5 2.g3 Nf6 3.Bg2 d5 4.cxd5 Nxd5 5.Nf3 Nc6 6.O-O Be7 7.d4 exd4 8.Nxd4 Nxd4
9.Qxd4 Nf6 10.Qa4+ c6 11.Nc3 O-O 12.Bf4 Be6 13.Rad1 Qb6 14.Qc2 Rfd8 15.Be3 Qa5
16.h3 Qh5 17.h4 Ng4 18.Qc1 Nxe3 19.Qxe3 Qc5 20.Qf4 Qa5 21.Qc1 Rxd1 22.Rxd1 Rd8
23.Rxd8+  1/2-1/2

[Event "18th Vienna Open 2013"]
[Site "Vienna AUT"]
[Date "2013.08.25"]
[Round "9.10"]
[White "Stanec,N"]
[Black "Zeller,F"]
[Result "1-0"]
[WhiteElo "2515"]
[BlackElo "2419"]

1.g3 e5 2.c4 Nf6 3.Bg2 c6 4.d4 exd4 5.Qxd4 d5 6.Nf3 Be6 7.cxd5 cxd5 8.O-O Nc6
9.Qa4 Bc5 10.Ne5 Rc8 11.Nd3 Be7 12.Nc3 O-O 13.Nf4 Bc5 14.e4 dxe4 15.Nxe4 Nxe4
16.Qxe4 Bd7 17.Qd5 Nb4 18.Qxb7 Rb8 19.Qf3 Bc6 20.Qh5 Rb5 21.Qd1 Qa8 22.Bxc6 Nxc6
23.Qf3 Bd4 24.Rb1 Qc8 25.Nd3 Rd8 26.Bf4 Ne7 27.Rfe1 Ng6 28.Rbd1 h5 29.h4 Rbd5
30.Bg5 R8d6 31.Rc1 Qd7 32.b4 Rf5 33.Re8+ Qxe8 34.Qxf5 Re6 35.Qf3 Ne5 36.Nxe5 Rxe5
37.Rc2 g6 38.Kg2 Rf5 39.Bf4 Kh7 40.Rd2 Bb6 41.Rd5 Rf6 42.Re5 Qa4 43.Qe4 Kg7
44.Qe2 Bc7 45.Bg5 Rc6 46.Re7 Qc2 47.Qf3 Qc4 48.Rxf7+ Qxf7 49.Qxc6 Bb6 50.Qc3+ Kh7
51.Qd2 Qb7+ 52.Kh2 Qc6 53.Be3 Qa4 54.Bc5 Qc6 55.Qe3 Kg8 56.Bxb6 axb6 57.a4  1-0

[Event "3rd Isthmia Open"]
[Site "Vrachati GRE"]
[Date "2013.08.25"]
[Round "9.13"]
[White "Argiroudis,S"]
[Black "Papakonstantinou,Di2"]
[Result "1-0"]
[WhiteElo "2351"]
[BlackElo "1860"]

1.c4 e5 2.g3 Nc6 3.Bg2 g6 4.Nc3 Bg7 5.d3 d6 6.Rb1 Nge7 7.b4 O-O 8.e3 f5 9.Qb3 Kh8
10.Nge2 Qe8 11.O-O Be6 12.Nd5 Bxd5 13.cxd5 Nb8 14.Bd2 c6 15.dxc6 bxc6 16.b5 Qd7
17.Rfc1 Rc8 18.a4 d5 19.Bb4 e4 20.h4 Bf6 21.Nf4 Rd8 22.dxe4 cxb5 23.axb5 dxe4
24.Ne6 Rc8 25.Bxe7  1-0

[Event "21st Honor to National Resistance"]
[Site "Nikaia GRE"]
[Date "2013.08.26"]
[Round "1.16"]
[White "Ladas,Dimitrios"]
[Black "Tsomis,D"]
[Result "1-0"]
[WhiteElo "1806"]
[BlackElo "2073"]

1.c4 e5 2.g3 Nc6 3.Nc3 g6 4.Bg2 Bg7 5.e4 Nge7 6.Nge2 d6 7.O-O O-O 8.d3 h6
9.Be3 Kh7 10.Nd5 Nxd5 11.cxd5 Ne7 12.d4 f6 13.Qd2 f5 14.dxe5 dxe5 15.f4 exf4
16.Nxf4 fxe4 17.Bxe4 Nf5 18.Nxg6 Kxg6 19.g4 Kh7 20.gxf5 Bf6 21.Bxh6 Rg8+
22.Kh1 Bd7 23.Rf3 Rg4 24.Bf4 Qe7 25.Re1 Rag8 26.Rh3+ Kg7 27.Bf3  1-0

[Event "XXX Collado Villalba Open 2013"]
[Site "Collado Villalba ESP"]
[Date "2013.08.27"]
[Round "5.19"]
[White "Erice Alonso,S"]
[Black "Alvarez Carbajales,F"]
[Result "1-0"]
[WhiteElo "2042"]
[BlackElo "1946"]

1.c4 e5 2.g3 Nc6 3.Bg2 g6 4.Nc3 Bg7 5.e4 d6 6.Nge2 Be6 7.d3 Qd7 8.Nd5 Nd4
9.Nxd4 exd4 10.O-O O-O-O 11.Nf4 h5 12.Nxe6 fxe6 13.b4 Bh6 14.a4 Bxc1 15.Rxc1 e5
16.c5 h4 17.b5 dxc5 18.Rxc5 Qd6 19.Qg4+ Kb8 20.Rfc1 Nh6 21.Qxh4 Nf7 22.Qg4 Nh6
23.Qg5 Nf7 24.Qd2 Rd7 25.a5 Nd8 26.h4 Rdh7 27.Qb4 b6 28.axb6 axb6 29.R5c4 Nb7
30.Qd2 Nc5 31.Rb1 Kb7 32.Rc2 Ra8 33.Ra2 Rhh8 34.Rbb2 Qd7 35.Rxa8 Rxa8 36.f4 Ra3
37.f5 Rxd3 38.Qg5 Rd1+ 39.Kh2 d3 40.fxg6 Qd4 41.Ra2 Ne6 42.Qe7 Qg1+ 43.Kh3 Nf4+
44.Kg4 Ra1 45.Rxa1 Qxa1 46.gxf4 d2 47.Bf3 d1=Q 48.Bxd1 Qxd1+ 49.Kg5 exf4
50.Kxf4 Qf1+ 51.Kg5 Qxb5+ 52.Kh6  1-0

[Event "TCh-SRB 1st League 2013"]
[Site "Kragujevac SRB"]
[Date "2013.08.27"]
[Round "4.6"]
[White "Lazic,Mir"]
[Black "Kojovic,D"]
[Result "1-0"]
[WhiteElo "2457"]
[BlackElo "2412"]

1.g3 e5 2.c4 Nf6 3.Bg2 c6 4.d4 exd4 5.Qxd4 Na6 6.Nc3 Bc5 7.Qd2 Qb6 8.e3 Qb4
9.b3 O-O 10.Nge2 d5 11.cxd5 cxd5 12.O-O Be6 13.Bb2 Rad8 14.Rfd1 Bb6 15.Na4 Qxd2
16.Rxd2 Ne4 17.Rdd1 Ba5 18.Nac3 Nac5 19.Nb5 a6 20.Nbd4 Rc8 21.Ba3 Bb6 22.Bxe4 dxe4
23.Nxe6 fxe6 24.Nc3 Ba5 25.b4 Nd3 26.bxa5 Rxc3 27.Bxf8 Kxf8 28.Rab1 Rc2 29.Rxb7 Rxa2
30.f3 Ke8 31.fxe4 Ne5 32.Rd6 Nf3+ 33.Kf1 Nxh2+ 34.Ke1 Nf3+ 35.Kd1 Ng5 36.Rxa6  1-0

[Event "ch-ESP Rapid 2013"]
[Site "Linares ESP"]
[Date "2013.08.27"]
[Round "9.10"]
[White "Gonzalez Diaz,J"]
[Black "Korneev,O"]
[Result "0-1"]
[WhiteElo "2284"]
[BlackElo "2625"]

1.c4 e5 2.g3 Nc6 3.Bg2 Nf6 4.Nc3 Bc5 5.e3 d5 6.Nxd5 Nxd5 7.cxd5 Nb4 8.a3 Nxd5
9.Ne2 O-O 10.O-O c6 11.d4 exd4 12.Nxd4 Re8 13.b4 Nc3 14.Qd3 Bxd4 15.exd4 Qxd4
16.Qxd4 Ne2+ 17.Kh1 Nxd4 18.Bb2 Nb3 19.Rad1 a5 20.Bc3 axb4 21.axb4 Ra2 22.b5 cxb5
23.Bd5 Rc2 24.Bb4 Be6 25.Bxe6 fxe6 26.Rd7 Rc4 27.Ba3 Nc5 28.Rc7 Nd3 29.Rd7 Rc3
30.Bd6 b4 31.f4 b3 32.Be5 Nxe5 33.fxe5 Rf8 34.Rxf8+ Kxf8 35.Rxb7 h5 36.Kg2 Rc2+
37.Kf3 b2 38.h4 Kg8 39.Kf4 Kh7 40.Rb6 g6 41.Rb7+ Kh6 42.Rb8 Rf2+ 43.Ke3 Rh2
44.Rh8+ Kg7 45.Rb8 g5 46.hxg5 Kg6 47.Kf4 Rf2+ 48.Ke3 Rc2 49.Kf4 Rc4+ 50.Kf3 Kxg5
51.Rxb2 Kf5 52.Re2 Rc5 53.Re1 Rxe5 54.Rh1 Kg5 55.Rh4 Ra5 56.Rb4 Ra3+ 57.Kf2 e5
58.Rb7 Kf5 59.Kg2  0-1

[Event "2nd Paleros Open"]
[Site "Paleros GRE"]
[Date "2013.08.27"]
[Round "5.5"]
[White "Mitrandzas,A"]
[Black "Pelekis,G"]
[Result "1-0"]
[WhiteElo "2096"]
[BlackElo "1872"]

1.c4 e5 2.g3 d6 3.Bg2 f5 4.d4 exd4 5.Qxd4 Nc6 6.Qe3+ Be7 7.Nh3 Nf6 8.Nc3 Nb4
9.Qd2 O-O 10.O-O Rb8 11.b3 Bd7 12.Bb2 Bc6 13.Nd5 Nbxd5 14.cxd5 Bd7 15.Qd4 a6
16.Rfe1 Nh5 17.Qc4 b5 18.Qb4 f4 19.Nxf4 Nxf4 20.gxf4 Bf6 21.Bd4 a5 22.Qd2 Bxd4
23.Qxd4 Qh4 24.Rac1 Rxf4 25.Qe3 Qg4 26.Rc3 Rbf8  1-0

[Event "TCh-SRB 1st League 2013"]
[Site "Kragujevac SRB"]
[Date "2013.09.02"]
[Round "10.2"]
[White "Paunovic,D"]
[Black "Mladenovic,St"]
[Result "1-0"]
[WhiteElo "2503"]
[BlackElo "2288"]

1.c4 e5 2.g3 Nc6 3.Bg2 g6 4.Nc3 Bg7 5.d3 d6 6.Rb1 a5 7.a3 h6 8.b4 axb4 9.axb4 Nf6
10.b5 Ne7 11.Bb2 O-O 12.Nf3 Be6 13.O-O Nd7 14.e4 c6 15.Qc2 d5 16.exd5 cxd5
17.Nd2 Qc7 18.Ra1 dxc4 19.dxc4 Nf5 20.Nd5 Bxd5 21.Bxd5 Nb6 22.Be4 Nd4 23.Bxd4 exd4
24.Rxa8 Rxa8 25.c5 Na4 26.c6 bxc6 27.Qxc6 Qxc6 28.Bxc6 Rb8 29.Nc4 d3 30.Rd1 Rd8
31.b6 Nxb6 32.Nxb6 Rd6 33.Nd5 Kf8 34.Bb7 Rd7 35.Rb1 d2 36.Bc6 Rd8 37.Ne3 Rc8
38.Be4 Rc1+ 39.Nd1 f5 40.Bd3 h5 41.Kf1 h4 42.gxh4 Be5 43.Ke2 Rxb1 44.Bxb1 Bxh2
45.Kxd2 Kg7 46.h5 gxh5 47.Bxf5 Kf6 48.Bc8 Kg5 49.Ke3 Bc7 50.Ke4 Kh4 51.Ne3 Bb8
52.Ng2+ Kg5 53.f4+ Kf6 54.Bd7 Kg7 55.Bb5 Kf6 56.Be8 Bd6 57.Bxh5 Ba3 58.Ne3 Bb2
59.Nd5+ Kg7 60.Kf5 Kh7 61.Be2 Kg7 62.Ke6 Bd4 63.f5 Bb2 64.f6+ Bxf6 65.Nxf6 Kh8
66.Ng4 Kg7 67.Bd3 Kh8 68.Kf6 Kg8 69.Nh6+ Kh8 70.Nf7+ Kg8 71.Bc2 Kf8 72.Bh7 Ke8
73.Ne5 Kd8 74.Ke6 Kc7 75.Nd7 Kc6 76.Bd3 Kc7 77.Bc4 Kd8 78.Nf6 Kc7 79.Nd5+ Kd8
80.Kf7 Kc8 81.Ke7 Kb7 82.Kd7 Kb8 83.Ba6 Ka7 84.Bc8 Kb8 85.Kd8 Ka7 86.Kc7  1-0